Governance and Citizenship (Record no. 176611)

MARC details
000 -LEADER
fixed length control field 00583nam a22001817a 4500
005 - DATE AND TIME OF LATEST TRANSACTION
control field 20210112103522.0
010 ## - LCCN (DPL NO)
LC control number ENG-128756
020 ## - INTERNATIONAL STANDARD BOOK NUMBER
International Standard Book Number 978-81-237-8824-1
Terms of availability 240.00
035 ## - SYSTEM CONTROL NUMBER
System control number EN-112288
037 ## - SOURCE OF ACQUISITION
Source of stock number/acquisition DBAD/PUB
082 ## - DEWEY DECIMAL CLASSIFICATION NUMBER
Classification number 320.954
245 ## - TITLE STATEMENT
Title Governance and Citizenship
Statement of responsibility, etc Edited by Sangit Kumar Ragi
260 ## - PUBLICATION, DISTRIBUTION, ETC. (IMPRINT)
Place of publication, distribution, etc New Delhi
Name of publisher, distributor, etc National Book Trust
Date of publication, distribution, etc 2018
270 ## - ADDRESS
City New Delhi
Postal code 110070
Address Nehru Bhawan, 5 Institutional Area, Phase-II, Vasant Kunj
300 ## - PHYSICAL DESCRIPTION
Extent ix+227p.
Dimensions 22cm(pbk)
700 ## - ADDED ENTRY--PERSONAL NAME
Personal name Ragi, Sangit Kumar, Ed.
942 ## - ADDED ENTRY ELEMENTS (KOHA)
Source of classification or shelving scheme Dewey Decimal Classification
Item type English Books
Classification part 320.954
Call number suffix GOV
Holdings
Withdrawn status Lost status Not for loan Collection code Home library Current library Date acquired Source of acquisition Cost, normal purchase price Full call number Barcode Copy number Cost, replacement price Koha item type
      Non-fiction Sarojini Nagar Sarojini Nagar 11/01/2021 DBAD/PUB 240.00 320.954 GOV EN-112288 1 240.00 English Books

© Delhi Public Library
Hit Counter
free hit counter